LIBRARY & INFORMATION CENTRE, KCAET, TAVANUR

ONLINE PUBLIC ACCESS CATALOGUE (OPAC)

Principles of Agronomy (Record no. 14756)

MARC details
000 -LEADER
fixed length control field 00304nam a22001337a 4500
020 ## - INTERNATIONAL STANDARD BOOK NUMBER
ISBN 9788127239701
082 ## - DEWEY DECIMAL CLASSIFICATION NUMBER
Classification number 630.21
Item number RED/PR
100 ## - MAIN ENTRY--AUTHOR NAME
Personal name Reddy S.R.
245 ## - TITLE STATEMENT
Title Principles of Agronomy
250 ## - EDITION STATEMENT
Edition statement 3 rd rev
260 ## - PUBLICATION, DISTRIBUTION, ETC. (IMPRINT)
Place of publication Ludhiana
Name of publisher Kalyani Publishers
Year of publication 2007
300 ## - PHYSICAL DESCRIPTION
Number of Pages 611
942 ## - ADDED ENTRY ELEMENTS (KOHA)
Koha item type Book Bank scheme for SC students
Holdings
Withdrawn status Lost status Damaged status Collection code Home library Current library Shelving location Date acquired Source of acquisition Cost, normal purchase price Full call number Accession Number Koha item type
        KAUAET KAUAET Scheme 03/09/2016 T B S Publishers and Distributors, Calicut. 250.00 630.21 RED/PR BB 138 Book Bank scheme for SC students
      General Books KAUAET KAUAET Scheme 31/03/2021 M/S TBS Books Calicut 450.00 630.21 RED/PR BB 614 Book Bank scheme for SC students
      General Books KAUAET KAUAET Scheme 31/03/2021 M/S TBS Books Calicut 450.00 630.21 RED/PR BB 615 Book Bank scheme for SC students
free website counter